Force: what it means to push and pull slip and grip start and stop (Record no. 4485)

MARC details
000 -LEADER
fixed length control field 00427nam a22001457a 4500
008 - FIXED-LENGTH DATA ELEMENTS--GENERAL INFORMATION
fixed length control field 250915b |||||||| |||| 00| 0 eng d
020 ## - INTERNATIONAL STANDARD BOOK NUMBER
ISBN 9780300260793
100 ## - MAIN ENTRY--AUTHOR
Author Petroski Henry
245 ## - TITLE STATEMENT
Title Force: what it means to push and pull slip and grip start and stop
260 ## - PUBLICATION, DISTRIBUTION, ETC. (IMPRINT)
Place of publication London
Name of publisher Yale university press
Date of publication 2022
300 ## - COLLATION
Pagination xiii,314p.
Other physical details ill
650 ## - TRACINGS
Main Subject Force and energy
Subdivision (1st) physical
942 ## - ADDED ENTRY ELEMENTS (KOHA)
Item type Books
050 ## - LIBRARY OF CONGRESS CALL NUMBER
Classification number QC73
Item number .P48
Holdings
Source of classification or shelving scheme Not for loan Permanent location Current location Date acquired Accession No. Full call number Barcode. Koha item type
Library of Congress Classification   Samuel Ogbemudia Main Library, University of Abuja Samuel Ogbemudia Main Library, University of Abuja 09/15/2025 2024/64293 QC73.P48 2025-3270 Books